000 00904nam a2200205Ia 4500
999 _c55902
_d55902
001 23000
003 GE_BSU
005 20230622161548.0
008 181216s1995||||ge |||||||||||||| ||geo||
040 _cGE_BSU
041 _ageo
080 _a82.0(075.8) ლ-68
245 _aლიტერატურის თეორიის საფუძვლები /
_cავტ. კოლ. : ნოდარ ჭოლოკავა, აკაკი გაწერელია და სხვ.
250 _aმე-4 შევსებული და გადამუშავებული გამოცემა
264 _aთბილისი :
_bთბილ. უნ-ტის გამ-ბა,
_c1995.
300 _a398 გვ. ;
_c26 სმ.
541 _h7 ლ.
653 _aლიტერატურის თეორიის საფუძვლები
942 _cBK
_2udc